Southville International School and Colleges
Your cart is empty.
  • Cart
  • Lists
    Public lists Eva Luna New books Lux_list list_1
    Your lists Log in to create your own lists
  • Log in to your account
  • Your cookies
  • Search history
Southville International School and Colleges
  • Advanced search
  • Recent comments
  • Most popular
  • Libraries

Log in to your account

Log in with GOOGLE


If you do not have an external account, but do have a local account, you can still log in:

  1. Home
  2. MARC view: Geographies of light :
Normal view MARC view ISBD view

Geographies of light : (Record no. 17050)

[ view plain ]
MARC details
000 -LEADER
fixed length control field 00854cam a22002897a 4500
001 - CONTROL NUMBER
control field 16973537
003 - CONTROL NUMBER IDENTIFIER
control field OSt
005 - DATE AND TIME OF LATEST TRANSACTION
control field 20140310182857.0
008 - FIXED-LENGTH DATA ELEMENTS--GENERAL INFORMATION
fixed length control field 110923s2011 ph 000 0 eng
010 ## - LIBRARY OF CONGRESS CONTROL NUMBER
LC control number 2011308388
020 ## - INTERNATIONAL STANDARD BOOK NUMBER
International Standard Book Number 9789715066020
040 ## - CATALOGING SOURCE
Original cataloging agency DLC
Transcribing agency DLC
Modifying agency DLC
042 ## - AUTHENTICATION CODE
Authentication code lcode
050 00 - LIBRARY OF CONGRESS CALL NUMBER
Classification number PL 5539
Item number .Si562 2011
082 ## - DEWEY DECIMAL CLASSIFICATION NUMBER
Classification number F899.2101
Item number .S563g 2011
100 1# - MAIN ENTRY--PERSONAL NAME
Personal name Sianturi, Dinah Roma.
245 10 - TITLE STATEMENT
Title Geographies of light :
Remainder of title poems /
Statement of responsibility, etc Sianturi, Dinah Roma
260 ## - PUBLICATION, DISTRIBUTION, ETC. (IMPRINT)
Place of publication, distribution, etc Manila :
Name of publisher, distributor, etc University of Santo Tomas Pub. House,
Date of publication, distribution, etc 2011.
300 ## - PHYSICAL DESCRIPTION
Extent 78 p. ;
Dimensions 21 cm.
521 ## - TARGET AUDIENCE NOTE
Target audience note
526 ## - STUDY PROGRAM INFORMATION NOTE
Reading level 1210L-1700L
541 ## - IMMEDIATE SOURCE OF ACQUISITION NOTE
-- 1
562 ## - COPY AND VERSION IDENTIFICATION NOTE
Number of copies For circulation. 1 copy available in the collection
906 ## - LOCAL DATA ELEMENT F, LDF (RLIN)
a 7
b cbc
c origode
d 4
e ncip
f 20
g y-gencatlg
942 ## - ADDED ENTRY ELEMENTS (KOHA)
Source of classification or shelving scheme Library of Congress Classification
Koha item type Books
Call number prefix Filipininana
Holdings
Withdrawn status Lost status Source of classification or shelving scheme Damaged status Home library Current library Shelving location Date acquired Source of acquisition Total Checkouts Full call number Barcode Date last seen Copy number Price effective from Koha item type
    Library of Congress Classification   College Library College Library Filipiniana Section 06/08/2012 Donation   PL 5539 .Si562 2011 C14348 05/08/2018 1 06/08/2012 Books

Geographies of light :

APA

Sianturi D. R., . (2011). Geographies of light. Manila: University of Santo Tomas Pub. House.

Chicago

Sianturi Dinah Roma, . 2011. Geographies of light. Manila: University of Santo Tomas Pub. House.

Harvard

Sianturi D. R., . (2011). Geographies of light. Manila: University of Santo Tomas Pub. House.

MLA

Sianturi Dinah Roma, . Geographies of light. Manila: University of Santo Tomas Pub. House. 2011.

  • Place hold
  • Print
  • Cite
  • Add to your cart (remove)
  • Save record
    BIBTEX Dublin Core MARCXML MARC (non-Unicode/MARC-8) MARC (Unicode/UTF-8) MARC (Unicode/UTF-8, Standard) MODS (XML) RIS
  • More searches
    Search for this title in:
    Other Libraries (WorldCat) Other Databases (Google Scholar) Online Stores (Bookfinder.com) Open Library (openlibrary.org)

Exporting to Dublin Core...

SOUTHVILLE LIBRARY

Southville International School and Colleges Library

1281 Tropical Ave. Cor. Luxembourg St., BF Homes International, Las Pinas City

Tel. No. 8256374 / 252358 Loc. 117/146

Powered by Koha